| 000 | 01028nam a22003257a 4500 | ||
|---|---|---|---|
| 001 | BR7800369 | ||
| 003 | BR-BrBNA | ||
| 005 | 20230928085522.0 | ||
| 007 | ta | ||
| 008 | 230509b bl.||||| |||| 00| 0 por d | ||
| 040 |
_aBR-BrBNA _bpor _cBiblioteca Nacional de Agricultura |
||
| 041 | _a(Por) | ||
| 072 |
_aF25 _b1122 _b/G514 |
||
| 090 | _ 1122 BR7800369 | ||
| 100 | 1 | _aLederman, I.L. | |
| 100 | 1 | _aMoura, R.J.M. de | |
| 100 | 1 | _aBezerra, J.E.F. | |
| 110 | 1 |
_aUnidade de Execucao de Pesquisa de Ambito Estadual de Itapirema, PE (Brasil) _910366 |
|
| 245 | 1 | _aResultados preliminares de um experimento sobre o efeito da adubacao e cobertura do solo na producao do mamoeiro (Carica papaya L.)[Pernambuco] | |
| 260 | 3 |
_aItapirema, PE (Brasil): _c1977. |
|
| 300 | _a8 p. | ||
| 500 | _a8 ref.; Summaries (Eng, Por) | ||
| 650 | _aMAMAO | ||
| 650 | _aADUBACAO | ||
| 650 | _aADUBO ORGANICO | ||
| 650 | _aFERTILIZANTE | ||
| 650 | _aPODZOLICO VERMELHO AMARELO | ||
| 909 |
_a202309 _bLucia _c55 _dLucia Elande |
||
| 942 | _cBK | ||
| 999 |
_c24875 _d24875 |
||